000 00967nas a2200325 4500
001 BR2016000274
003 BR-BrBNA
005 20231205130045.0
007 ta
008 230509b bl.|||p| |||| 00| 00por d
040 _aBR-BrBNA
_bpor
_cBiblioteca Nacional de Agricultura
041 _a(Pt)
072 _aL02
100 1 _aBorges, A.L.C.C.
100 1 _aTeixeira, R.M.A.
100 1 _aSilva, E.A. da
100 1 _aFernandes, L. de O.
100 1 _aRuas, J.R.M.
100 1 _aQueiroz, D.S.
100 1 _aLage, H.F.
245 1 _aDesempenho nutricional de bovinos leiteiros
650 _aNUTRICAO ANIMAL
650 _aGADO LEITEIRO
650 _aCALORIMETRIA
650 _aPASTAGEM
650 _aPRODUCAO LEITEIRA
773 0 _tInforme Agropecuário - Empresa de Pesquisa Agropecuária de Minas Gerais (Brazil)
_xISSN 0100-3364
_g(2015), v. 36(286) p.88-99
_wBR2016000274
909 _a202311
_bLúcia
_c55
_dLúcia Elande
942 _2AGRIS
_n0
_cANA
999 _c247681
_d247681